Nonnos. (Registro nro. 318441)

Detalles MARC
000 -ENCABEZADO
Número de control [NR] 02628nam a22003377a 4500
005 - FECHA Y HORA DE LA ÚLTIMA TRANSACCIÓN
control field 20220322104202.0
008 - DE LONGITUD FIJA DE DATOS DE ELEMENTOS - INFORMACIÓN GENERAL
Elementos de longitud fija [NR] 201107s1940 enk |||f||||| 001 p mul d
020 ## - NUMERO INTERNACIONAL NORMALIZADO PARA LIBROS [R]
Número Internacional Normalizado del libro [NR] 9780674993792
020 ## - NUMERO INTERNACIONAL NORMALIZADO PARA LIBROS [R]
Número Internacional Normalizado del libro [NR] 0674993918
020 ## - NUMERO INTERNACIONAL NORMALIZADO PARA LIBROS [R]
Número Internacional Normalizado del libro [NR] 9780674993938
040 ## - FUENTE DE CATALOGACION [NR]
Quien Cataloga Sandra Yazo
Quien Clasifica Sandra Yazo
041 0# - CODIGO DE IDIOMA [R]
Código de idioma para texto/pista de sonido o título separado [R] Inglés
-- Griego
082 04 - NUMERO DE CLASIFICACION DECIMAL DEWEY [R]
Número de la edición [NR] 20
Número de clasificación [R] 883
092 ## - SIGNATURA TOPOGRAFICA LOCAL
Número de clasificación local E62N115
100 1# - ASIENTO PRINCIPAL--NOMBRE PERSONAL [NR]
Nombre personal [NR] Nono de Panópolis
ID Autoridad 102047
242 00 - TRADUCCION DEL TITULO POR LA AGENCIA CATALOGADORA [R]
Título [NR] Nono de Panápolis.
Parte restante del título [NR] Dionisíacas.
Mención de responsabilidad, etc. [NR] Traducción inglesa de W. H. D. Rouse. Introducción mitológica y notas de H. J. Rose. Anotaciones de crítica textual por L. R. Lind
Código de idioma del título traducido [NR] spa
245 10 - MENCION DE TITULO [NR]
Título [NR] Nonnos.
Parte restante del título [NR] Dionysiaca.
Mención de responsabilidad, etc. [NR] With an english translation by W. H. D. Rouse ; Mythological Introduction and notes by H. J. Rose ; Notes on text criticism by L. R. Lind.
260 ## - PUBLICACION, DISTRIBUCION, ETC. (PIE DE IMPRENTA) [R]
Lugar de publicación, distribución, etc. [R] London [Londres] (Inglaterra)
Nombre del editor, distribuidor, etc. [R] Harvard University Press [Imprenta de la Universidad de Harvard]
Fecha de publicación, distribución, etc. [R] 1940
300 ## - DESCRIPCION FISICA [R]
Extensión [R] 3 volúmenes (xxxi, 533 ; xi, 547; x, 517 páginas)
Dimensiones [R] 16 x 11 cm.
490 0# - MENCION DE SERIE [R]
Mención de serie [R] Loeb classical Library
Designación numérica/secuencial del volumen [NR] 344 ; 354 ; 356
500 ## - NOTA GENERAL [R]
Nota general [NR] Detalles físicos: Encuadernación rígida. Cartón duro forrado en tela. Lomo con adornos en dorado. En la tapa delantera anagrama en dorado. Cubierta de papel verde con solapa, que incluye datos de autor y de la obra. Guardas. Hoja de cortesía. Anteportada. Portada impresa en una sola tinta; información sobre la obra dentro de un recuadro. Pequeño grabado con el emblema de la Colección (Palas Athenea); en el círculo, la inscripción “Loeb Classical Library”. Texto muy bien impreso en una sola columna: el texto griego, con párrafos numerados, ocupa la página derecha; la traducción inglesa correspondiente a la página de la izquierda. Notas de pie de página. Incluye índice. Hojas de cortesía posteriores y guardas
505 0# - NOTA DE CONTENIDO CON FORMATO PREESTABLECIDO [R]
Nota de contenido con formato preestablecido [NR] V.1: Introducción general ; Introducción mitológica ; Anotaciones de crítica textual de las Dionisíacas ; Bibliografía selecta (1984) ; Sumario de los libros del poema ; Dionisíacas: Libros I al XV ; (Los libros I, II, VI y XII tienen una nota adicional) -- V.2: Sumario de los libros del poema ; Dionisíacas: Libros XVI al XXXV -- V.3: Sumario de los libros del poema ; Dionisíacas: Libros XXXVI al XLVIII ; Índice
506 ## - NOTA DE RESTRICCIONES DE ACCESO [R]
Condiciones de acceso [NR] Consulta en sala
546 ## - NOTA DE IDIOMA [R]
Nota de idioma [NR] Texto en inglés y griego
650 #7 - ASIENTO SECUNDARIO DE MATERIA - TERMINO TEMATICO [R]
9 (RLIN) 21803
Término temático o nombre geográfico como elemento de entrada [NR] Poesía épica griega
690 ## - ASUNTO AGREGADO LOCAL DE ENTRADA - TÉRMINO TEMÁTICO (OCLC, RLIN)
Acceso temático local Literatura griega
9 (RLIN) 76
700 14 - ASIENTO SECUNDARIO - NOMBRE PERSONAL [R]
Nombre personal [NR] Rose, H.J.
Forma más completa del nombre [NR] (Herbert Jennings)
Fechas asociadas con el nombre [NR] 1883-1961
Término de relación [R] traductor
9 (RLIN) 102048
700 14 - ASIENTO SECUNDARIO - NOMBRE PERSONAL [R]
Nombre personal [NR] Rose, H.J.
Forma más completa del nombre [NR] (Herbert Jennings)
Fechas asociadas con el nombre [NR] 1883-1961
9 (RLIN) 102048
700 14 - ASIENTO SECUNDARIO - NOMBRE PERSONAL [R]
Nombre personal [NR] Lind, L. R.
Forma más completa del nombre [NR] (Levi Robert)
Fechas asociadas con el nombre [NR] 1906-2008
9 (RLIN) 102049
942 ## - ELEMENTOS DE ENTRADA AGREGADOS (KOHA)
Sistema de clasificación LOCAL
Tipo de ítem principal el descrito en 300a Libro
Edición 1
Clasificación E62N115
Existencias
Suprimido Perdido Sistema de clasificación Dañado No prestable Tipo de ítem específico Ubicación habitual Ubicación actual Localización Fecha de creación Forma de adquisición Volúmen / Fascículo Signatura topográfica Código de barras Última vez visto Ejemplar Price effective from Tipo de ítem
    LOCAL     Libro archivo Archivo Histórico Archivo Histórico Archivo histórico 23/12/2020 Compra V.1 E62N115 L010479 23/12/2020 Ej.1 23/12/2020 Libro
    LOCAL     Libro archivo Archivo Histórico Archivo Histórico Archivo histórico 23/12/2020 Compra V.2 E62N115 L010480 23/12/2020 Ej.1 23/12/2020 Libro
    LOCAL     Libro archivo Archivo Histórico Archivo Histórico Archivo histórico 23/12/2020 Compra V.3 E62N115 L010481 23/12/2020 Ej.1 23/12/2020 Libro